Players Who Have Scored 4+ Goals in a PL Match - Statistics

General Stats
  • This quiz has been taken 176 times
  • The average score is 22 of 32
Answer Stats
Answer % Correct
Cole Palmer
100%
Erling Haaland
100%
Kevin De Bruyne
100%
Mohamed Salah
99%
Sergio Aguero
99%
Son Heung-Min
99%
Harry Kane
97%
Luis Suarez
93%
Edin Dzeko
90%
Gabriel Jesus
88%
Romelu Lukaku
86%
Dimitar Berbatov
85%
Wayne Rooney
85%
Thierry Henry
84%
Frank Lampard
80%
Andrey Arshavin
75%
Alan Shearer
74%
Robbie Keane
73%
Michael Owen
70%
Andrew Cole
67%
Ole Gunnar Solskjaer
67%
Michail Antonio
58%
Robbie Fowler
52%
Jermain Defoe
51%
Jimmy Floyd Hasselbaink
47%
Jurgen Klinsmann
47%
Georginio Wijnaldum
43%
Mark Viduka
36%
Yakubu
30%
Gianluca Vialli
28%
Louis Saha
24%
Efan Ekoku
9%
No matching quizzes found
Score Distribution
Percent of People with Each Score
Percentile by Number Answered
Your Score History
You have not taken this quiz